000 00667nam a2200193Ii 4500
003 JO-AjNU
008 230605s9999||||xx |||||||||||||| ||und||
040 _aJO-AjNU
_bara
_erda
_cJO-AjNU
041 _aara
050 1 4 _aQH91.A5 1985
100 3 _aعبدالعليم ، انور,
_eauthor
_936221
245 0 0 _aثروات جديدة من البحار
264 3 1 _aالقاهرة:الهيئة المصريه العامه للكناب ، 1985
300 _a317ص
336 _atext
_btxt
_2rdacontent
337 _aunmediated
_bn
_2rdamedia
338 _avolume
_bnc
_2rdacarrier
650 4 _aالبحار والمحيطات- الثروة المائية
_936222
999 _aA15029
_c18597
_d18597